000 00765nam a2200277 i 4500
001 C2-0327250
003 PPAK
005 20180728124921.0
008 140603s2014 my a|||| ||||| | may d
020 _a9789835966781
040 _aPPAK
_beng
_cPPAK
_erda
082 0 4 _a657.1076
_223
090 0 0 _a657.1076
_bMOR
_dR
100 1 _aMorgan, K.,
_eauthor
245 1 0 _aPerdagangan
264 1 _aPetaling Jaya, Selangor :
_bSasbadi ,
_c2014
300 _a478 pages :
_bcolour illustrations ;
_c27 cm.
336 _2rdacontent
_atext
337 _2rdamedia
_aunmediated
338 _2rdacarrier
_avolume
490 1 _aNexus tuntas SPM
650 1 0 _aCommerce - Problems, exercises, etc.
700 _eauthor
830 0 _aNexus tuntas SPM
942 _ddc
_cB
999 _c126815
_d126815